000 00267nam a2200109Ia 4500
008 200302s9999 xx 000 0 und d
100 _aUlrich Conrads & Other
245 _aFantastic Architecture
260 _bThe Architectural Press
260 _c1960
300 _a187 P.,
999 _c257
_d257